Gaming Quiz

Random Gaming or Mario Quiz

Super Paper Mario Pixls Quiz Stats

 Plays Quiz not verified by Sporcle

Challenge
Share
Tweet
Embed
Score 0/12 Timer 04:00
0 Plays Today
Ability Pixl % Correct
Gives the hero hintsTippi
96.8%
Turns into a bombBoomer
92.7%
Carries the hero across dangerCarrie
90.3%
Turns the hero paper thinSlim
88.7%
Shrinks the heroDottie
87.9%
Allows the hero to pick things up and throw themThoreau
87.1%
Creates a barrier around the hero (optional Pixl)Barry
87.1%
Turns into a hammerCudge
84.7%
Allows the hero to ground poundThudley
83.9%
Allows the hero to dash (optional Pixl)Dashell
82.3%
Flips objects to discover the truth behind themFleep
81.5%
Turns into a musical instrument (optional Pixl)Piccolo
81.5%

You're not logged in!

Compare scores with friends on all Sporcle quizzes.
Join for Free
OR
Log In

You Might Also Like...

Show Comments

Extras

Top Quizzes Today


Score Distribution

Your Account Isn't Verified!

In order to create a playlist on Sporcle, you need to verify the email address you used during registration. Go to your Sporcle Settings to finish the process.

Report this User

Report this user for behavior that violates our Community Guidelines.

Details: